| 000 | 00485nam a22001937a 4500 | ||
|---|---|---|---|
| 005 | 20260604112445.0 | ||
| 008 | 260604b |||||||| |||| 00| 0 eng d | ||
| 020 |
_a9789357059619 _c700.00 |
||
| 040 | _aMAIN | ||
| 041 | _aEnglish | ||
| 082 |
_a658.8 _bBHA |
||
| 100 |
_aBhatia, Puneet Singh _914792 |
||
| 245 | _aFundamentals of Digital Marketing | ||
| 250 | _a3rd | ||
| 260 |
_aNew Delhi _bPearson _c2023 |
||
| 300 | _a488 | ||
| 650 |
_aCommerce (PM USHA) _926705 |
||
| 942 | _cBK | ||
| 999 |
_c60989 _d60989 |
||